| 000 | 00706nam a2200217 a 4500 | ||
|---|---|---|---|
| 005 | 20220603114458.0 | ||
| 008 | 991125s1984 mx 000 0 spa u | ||
| 020 | _a9681617231 | ||
| 035 | _aUPN01000008210 | ||
| 040 |
_aMX-MxUPN _bspa _cMX-MxUPN |
||
| 050 | 4 |
_aPQ7104 _bL5 no.54 |
|
| 100 | 1 |
_aTrabulse Atala, Elías, _d1942- _935848 |
|
| 245 | 1 | 3 |
_aEl círculo roto / _cElías Trabulse. |
| 250 | _aPrimera edición | ||
| 260 |
_aMéxico : _bFondo de Cultura Económica : _bSecretaría de Educación Pública, Subsecretaría de Cultura, _c1984. |
||
| 300 | _a243 páginas | ||
| 490 |
_aLecturas mexicanas ; _v54 |
||
| 650 | 2 |
_aCiencia _xHistoria _zMéxico _910118 |
|
| 905 | _aLibro | ||
| 942 |
_2lcc _cLIBRO |
||
| 999 |
_c8210 _d8210 |
||